000 00797nam a2200253 a 4500
001 823
003 BR-CuiBMT
005 20231120214547.0
008 231120s2004 spb 000 0 por d
020 _a857420580X
040 _aBR-CuiBMT
_cBR-CuiBMT
080 _22007
_a336.226.212.1:352
090 _a336.226.212.1:352
_bF985i
_c2. ed.
100 1 _aFurlan, Valéria C. P.
_q(Valéria Cristina Pereira)
245 1 0 _aImposto predial e territorial urbano /
_cValéria Furlan
250 _a2. ed., rev., atual. e ampl.
260 _aSão Paulo :
_bMalheiros,
_c2004.
300 _a206 p. ;
_c21 cm
504 _aInclui bibliografia.
650 _a Imposto predial e territorial urbano (IPTU)
650 _aImposto Territorial Urbano (IPTU)
650 _aImposto municipal
942 _2udc
_cLV
999 _c823
_d823